Understanding the New Testament book by book. (Record no. 5225)

000 -LEADER
fixed length control field 00619nam a2200193 a 4500
001 - CONTROL NUMBER
control field :::00002967$&:&@@
003 - CONTROL NUMBER IDENTIFIER
control field OkBaRHE
005 - DATE AND TIME OF LATEST TRANSACTION
control field 20000607103258.0
008 - FIXED-LENGTH DATA ELEMENTS--GENERAL INFORMATION
fixed length control field s1977 j 000 0 eng u
020 ## - INTERNATIONAL STANDARD BOOK NUMBER
International Standard Book Number 0891071512
040 ## - CATALOGING SOURCE
Transcribing agency
100 1# - MAIN ENTRY--PERSONAL NAME
Personal name John, Peter Paul.
245 10 - TITLE STATEMENT
Title Understanding the New Testament book by book.
260 ## - PUBLICATION, DISTRIBUTION, ETC. (IMPRINT)
Place of publication, distribution, etc Westchester, IL., :
Name of publisher, distributor, etc Good News Publishers
Date of publication, distribution, etc c1977
300 ## - PHYSICAL DESCRIPTION
Extent 137 p. ;
Dimensions 21 cm.
650 ## - SUBJECT ADDED ENTRY--TOPICAL TERM
Topical term or geographic name as entry element Bible New Testament
General subdivision Study
-- Outlines, Syllabi, etc.
942 ## - ADDED ENTRY ELEMENTS (KOHA)
Source of classification or shelving scheme
Koha item type Books
Copies
Barcode Permanent Location Date last seen Source of classification or shelving scheme Not for loan Koha item type Copy number Lost status Damaged status Full call number Shelving location Price effective from Date acquired Withdrawn status
2967RHEMA Bible Training College2018-03-16  Books1  BS 2525 .J63General Stacks2010-04-142010-04-14